000 00292nam a2200121Ia 4500
008 190216s9999||||xx |||||||||||||| ||und||
100 _aHadson
245 3 _aAn Out Line History Of English Literature
260 _bB I Publication
300 _a317
650 _aEnglish Stories
942 _cBK
999 _c11589
_d11589